Human resource development in industry

Kaydedildi:
Detaylı Bibliyografya
Yazar: Amaya, Tadashi
Materyal Türü: Kitap
Dil:Undetermined
Baskı/Yayın Bilgisi: Tokyo The Japan Institute Of Labour 1983
Konular:
Etiketler: Etiketle
Etiket eklenmemiş, İlk siz ekleyin!
Thư viện lưu trữ: Trung tâm Học liệu Trường Đại học Cần Thơ
LEADER 00496nam a2200181Ia 4500
001 CTU_87779
008 210402s9999 xx 000 0 und d
082 |a 331 
082 |b A489 
100 |a Amaya, Tadashi 
245 0 |a Human resource development in industry 
245 0 |c Tadashi Amaya 
260 |a Tokyo 
260 |b The Japan Institute Of Labour 
260 |c 1983 
650 |a Labour economics 
904 |i Trọng Hiếu 
980 |a Trung tâm Học liệu Trường Đại học Cần Thơ